| 000 | 01298cam a22003011i 4500 | ||
|---|---|---|---|
| 003 | SA-RiAUC | ||
| 005 | 20250713110647.0 | ||
| 008 | 250710s2002 su f b 000 0 ara c | ||
| 040 |
_aSA-JeALM _bara _cSA-RiAUC _erda |
||
| 043 | _aa-ii--- | ||
| 082 | 0 | 4 |
_a245.0954 _qSA-RiAUC |
| 090 |
_a245.0954 _bش و د |
||
| 100 | 1 |
_aشودري، محمد كبير أحمد _eمؤلف. |
|
| 245 | 1 | 0 |
_aفرق الهند المنتسبة للإسلام في القرن العاشر الهجري وآثارها في العقيدة : _bدراسة ونقد / _cإعداد محمد كبير أحمد شودري، إبراهيم محمد إبراهيم أحمد. |
| 250 | _aالطبعة الأولى. | ||
| 264 | 1 |
_aالدمام، السعودية : _bدار ابن الجوزي، _c2002 |
|
| 300 |
_a703 صفحة ؛ _c24 سم. |
||
| 336 |
_aنص _btxt _2rdacontent _3كتاب |
||
| 337 |
_aبدون وسيط _bn _2rdamedia |
||
| 338 |
_aمجلد _bnc _2rdacarrier |
||
| 490 | 0 |
_aرسائل جامعية ؛ _v18 |
|
| 504 | _aببليوجرافية : صفحة 682-700. | ||
| 650 | 7 |
_aالفرق الإسلامية _zالهند _2aucsh |
|
| 653 | _aالديانات | ||
| 700 | 1 |
_aأحمد، إبراهيم محمد إبراهيم _eمشرف. |
|
| 942 |
_2ddc _cBOOK _n0 |
||
| 949 |
_aSA-JeALM _d250710 _uosman123 _n1 |
||
| 999 |
_c9865 _d9865 |
||